| 000 | 00814nas a2200265 4500 | ||
|---|---|---|---|
| 001 | BR0703874 | ||
| 003 | BR-BrBNA | ||
| 005 | 20231205110921.0 | ||
| 007 | ta | ||
| 008 | 230509b bl.|||p| |||| 00| 00por d | ||
| 040 |
_aBR-BrBNA _bpor _cBiblioteca Nacional de Agricultura |
||
| 041 | _a(Pt) | ||
| 072 | _aK50 | ||
| 100 | 1 | _aLima, I.L. de | |
| 100 | 1 | _aGarcia, J.N. | |
| 100 | 1 | _aStape, J.L. | |
| 245 | 1 | _aInfluência do desbaste e da fertilização no deslocamento da medula e rachaduras de extremidade de tora de Eucalyptus grandis Hill ex-Maiden | |
| 650 | _aMADEIRA | ||
| 650 | _aEUCALIPTO | ||
| 650 | _aDESBASTE | ||
| 650 | _aTORA | ||
| 773 | 0 |
_tCerne (Brazil) _xISSN 0104-7760 _g(Apr-Jun 2007), V. 13(2) p. 170-177 _wBR0703874 |
|
| 909 |
_a202311 _bLúcia _c55 _dLúcia Elande |
||
| 942 |
_2AGRIS _n0 _cANA |
||
| 999 |
_c189761 _d189761 |
||